Psikologi ketenangan hati : (Record no. 926)

000 -LEADER
fixed length control field nam a22 a 4500
003 - CONTROL NUMBER IDENTIFIER
control field AKMAL
005 - DATE AND TIME OF LATEST TRANSACTION
control field 20170508094156.0
008 - FIXED-LENGTH DATA ELEMENTS--GENERAL INFORMATION
fixed length control field 170508b2002 M ||||| |||| 00| 0 M d
020 ## - INTERNATIONAL STANDARD BOOK NUMBER
International Standard Book Number 9831922174 (kkt.) :
Terms of availability RM21.00
040 ## - CATALOGING SOURCE
Original cataloging agency AKMAL
082 04 - DEWEY DECIMAL CLASSIFICATION NUMBER
Classification number 297.261 HAI
090 00 - LOCALLY ASSIGNED LC-TYPE CALL NUMBER (OCLC); LOCAL CALL NUMBER (RLIN)
Classification number (OCLC) (R) ; Classification number, CALL (RLIN) (NR) 297.261
Local cutter number (OCLC) ; Book number/undivided call number, CALL (RLIN) HAI
100 0# - MAIN ENTRY--PERSONAL NAME
Personal name Hairunnaja Najmuddin
9 (RLIN) 1976
245 10 - TITLE STATEMENT
Title Psikologi ketenangan hati :
Remainder of title panduan merawat jiwa yang selalu gundah dan gelisah /
Statement of responsibility, etc. Hairunnaja Najmuddin
250 ## - EDITION STATEMENT
Edition statement Edisi ke-2
260 ## - PUBLICATION, DISTRIBUTION, ETC.
Place of publication, distribution, etc. Bentong :
Name of publisher, distributor, etc. PTS Publications & Distributor,
Date of publication, distribution, etc. 2003
300 00 - PHYSICAL DESCRIPTION
Extent 214ms. ;
Dimensions 23cm
504 ## - BIBLIOGRAPHY, ETC. NOTE
Bibliography, etc. note Bibliografi : ms. [208]-214
599 ## - LOCAL NOTE
Local Note DALAM PROSES
650 #0 - SUBJECT ADDED ENTRY--TOPICAL TERM
Topical term or geographic name entry element Islam
General subdivision Psychology
9 (RLIN) 1268
650 #0 - SUBJECT ADDED ENTRY--TOPICAL TERM
Topical term or geographic name entry element Psychology, Religious
9 (RLIN) 1977
650 #0 - SUBJECT ADDED ENTRY--TOPICAL TERM
Topical term or geographic name entry element Counseling
9 (RLIN) 1027
856 41 - ELECTRONIC LOCATION AND ACCESS
Uniform Resource Identifier http://www.pnm.my/tag856/Hati/cc.pdf
Link text cc.pdf
942 ## - ADDED ENTRY ELEMENTS (KOHA)
Source of classification or shelving scheme
Koha item type Book
Holdings
Withdrawn status Lost status Source of classification or shelving scheme Damaged status Not for loan Collection code Home library Current library Shelving location Date acquired Inventory number Total Checkouts Full call number Barcode Date last seen Price effective from Koha item type
          NON-FICTION AKMAL Melaka AKMAL Melaka PINJAMAN 08.05.2017 200916   297.261 HAI 201702064 08.05.2017 08.05.2017 Book
Pusat Sumber Maklumat Dato' Haji Sarmin Md Hussin, Akademi Kastam Diraja Malaysia, Melaka
Tel: 06-2331106 | Faks: 06-2313787